Бережливое производство как метод оптиматизации бизнес- процессов в медицинских учреждениях; Информационные технологии в науке, управлении, социальной сфере и медицине; Ч. 2
| Parent link: | Информационные технологии в науке, управлении, социальной сфере и медицине: сборник научных трудов III Международной научной конференции, 23-26 мая 2016 г., Томск.— , 2016 Ч. 2.— 2016.— [С. 527-530] |
|---|---|
| Päätekijä: | |
| Yhteisötekijä: | |
| Muut tekijät: | |
| Yhteenveto: | Заглавие с титульного экрана In this article lean production is considered as a means of optimization business processes in sphere of healthcare. It states the reasons to use lean manufacturing in healthcare, wastes which occur in the sphere and the ways of optimization. |
| Kieli: | venäjä |
| Julkaistu: |
2016
|
| Sarja: | Информационные технологии и моделирование в маркетинге |
| Aiheet: | |
| Linkit: | http://earchive.tpu.ru/handle/11683/31525 |
| Aineistotyyppi: | Elektroninen Kirjan osa |
| KOHA link: | https://koha.lib.tpu.ru/cgi-bin/koha/opac-detail.pl?biblionumber=619792 |
MARC
| LEADER | 00000naa2a2200000 4500 | ||
|---|---|---|---|
| 001 | 619792 | ||
| 005 | 20231101133059.0 | ||
| 035 | |a (RuTPU)RU\TPU\conf\18228 | ||
| 035 | |a RU\TPU\conf\18226 | ||
| 090 | |a 619792 | ||
| 100 | |a 20160901d2016 k y0rusy50 ca | ||
| 101 | 0 | |a rus | |
| 102 | |a RU | ||
| 105 | |a y z 101zy | ||
| 135 | |a drgn ---uucaa | ||
| 181 | 0 | |a i | |
| 182 | 0 | |a b | |
| 200 | 1 | |a Бережливое производство как метод оптиматизации бизнес- процессов в медицинских учреждениях |d Lean production as a method of business processes optimization in healthcare |f Е. А. Грахова, Ю. М. Головкина | |
| 203 | |a Текст |c электронный | ||
| 225 | 1 | |a Информационные технологии и моделирование в маркетинге | |
| 230 | |a 1 компьютерный файл (pdf; 474 Kb) | ||
| 300 | |a Заглавие с титульного экрана | ||
| 320 | |a [Библиогр.: с. 530 (5 назв.)] | ||
| 330 | |a In this article lean production is considered as a means of optimization business processes in sphere of healthcare. It states the reasons to use lean manufacturing in healthcare, wastes which occur in the sphere and the ways of optimization. | ||
| 461 | 1 | |0 (RuTPU)RU\TPU\conf\17281 |t Информационные технологии в науке, управлении, социальной сфере и медицине |o сборник научных трудов III Международной научной конференции, 23-26 мая 2016 г., Томск |o в 2 ч. |d 2016 | |
| 463 | 1 | |0 (RuTPU)RU\TPU\conf\17287 |t Ч. 2 |f Национальный исследовательский Томский политехнический университет (ТПУ) ; под ред. О. Г. Берестневой [и др.] |v [С. 527-530] |d 2016 | |
| 510 | 1 | |a Lean production as a method of business processes optimization in healthcare |z eng | |
| 610 | 1 | |a труды учёных ТПУ | |
| 610 | 1 | |a электронные ресурсы | |
| 610 | 1 | |a бережливое производство | |
| 610 | 1 | |a оптимизация | |
| 610 | 1 | |a здравоохранение | |
| 610 | 1 | |a бизнес-процессы | |
| 610 | 1 | |a отходы | |
| 700 | 1 | |a Грахова |b Е. А. |c экономист |c ассистент Томского политехнического университета |f 1981- |g Елена Александровна |2 stltpush |3 (RuTPU)RU\TPU\pers\31872 | |
| 701 | 1 | |a Головкина |b Ю. М. | |
| 712 | 0 | 2 | |a Национальный исследовательский Томский политехнический университет (ТПУ) |b Институт социально-гуманитарных технологий (ИСГТ) |b Кафедра менеджмента (МЕН) |h 150 |2 stltpush |3 (RuTPU)RU\TPU\col\18855 |
| 801 | 2 | |a RU |b 63413507 |c 20160912 |g RCR | |
| 856 | 4 | |u http://earchive.tpu.ru/handle/11683/31525 | |
| 942 | |c BK | ||